00566nam a2200157Ia 4500008004100000082001700041100002800058245006500086250000700151260003800158300001000196500001600206650007500222952009400297999001700391120629s9999 xx 000 0 und d a657.90 B362c aBaz González, Gustavo aCurso de contabilidad de sociedades / Gustavo Baz González a32 aMéxico : Gustavo Baz González a536 p aApéndices a1. COMPAÑIAS-CONTABILIDAD \ 2. SOCIEDADES ANONIMAS-CONTABILIDAD Ì 00104070a15b15d2010-02-05l0o657.90 B362Cp15 001369r2017-12-07t1w2012-06-28yLB c75099d75099